|
|
|
|
| LEADER |
00000caa a2200000 c 4500 |
| 001 |
1525005812 |
| 003 |
DE-627 |
| 005 |
20180730152012.0 |
| 007 |
tu |
| 008 |
160202s2015 xx ||||| 00| ||eng c |
| 020 |
|
|
|a 9781412856775
|
| 035 |
|
|
|a (DE-627)1525005812
|
| 035 |
|
|
|a (DE-576)455005818
|
| 035 |
|
|
|a (DE-599)BSZ455005818
|
| 040 |
|
|
|a DE-627
|b ger
|c DE-627
|e rda
|
| 041 |
|
|
|a eng
|
| 100 |
1 |
|
|a Gadd, David
|d 1975-
|e VerfasserIn
|0 (DE-588)1075291879
|0 (DE-627)833136003
|0 (DE-576)443371911
|4 aut
|
| 109 |
|
|
|a Gadd, David 1975-
|
| 245 |
1 |
0 |
|a Psychosocial criminology
|b making sense of senseless violence
|c David Gadd, Mary-Louise Corr
|
| 264 |
|
1 |
|c 2015
|
| 336 |
|
|
|a Text
|b txt
|2 rdacontent
|
| 337 |
|
|
|a ohne Hilfsmittel zu benutzen
|b n
|2 rdamedia
|
| 338 |
|
|
|a Band
|b nc
|2 rdacarrier
|
| 700 |
1 |
|
|a Corr, Mary-Louise
|e VerfasserIn
|4 aut
|
| 773 |
0 |
8 |
|i Enthalten in
|t Qualitative research in criminology
|d New Brunswick (U.S.A.) : Transaction Publishers, 2015
|g (2015), Seite 69-84
|h 363 Seiten
|w (DE-627)799527351
|w (DE-576)448585022
|z 9781412856775
|z 1412856779
|7 nnam
|
| 773 |
1 |
8 |
|g year:2015
|g pages:69-84
|
| 951 |
|
|
|a AR
|
| ELC |
|
|
|b 1
|
| LOK |
|
|
|0 000 xxxxxcx a22 zn 4500
|
| LOK |
|
|
|0 001 2896387803
|
| LOK |
|
|
|0 003 DE-627
|
| LOK |
|
|
|0 004 1525005812
|
| LOK |
|
|
|0 005 20260206103525
|
| LOK |
|
|
|0 008 160202||||||||||||||||ger|||||||
|
| LOK |
|
|
|0 040
|a DE-21-110
|c DE-627
|d DE-21-110
|
| LOK |
|
|
|0 689
|a s
|a Kriminologie
|
| LOK |
|
|
|0 689
|a s
|a Psychosoziale Entwicklung
|
| LOK |
|
|
|0 689
|a s
|a Gewalt
|
| LOK |
|
|
|0 852
|a DE-21-110
|
| LOK |
|
|
|0 852 1
|m p
|9 00
|
| LOK |
|
|
|0 938
|k p
|
| LOK |
|
|
|0 939
|a 02-02-16
|b l01
|
| ORI |
|
|
|a WA-MARC-krimdoka001.raw
|